000 00854nam a22002777a 4500
001 BR2016004601
003 BR-BrBNA
005 20230928105008.0
007 ta
008 230509b bl.||||| |||| 00| 0 por d
040 _aBR-BrBNA
_bpor
_cBiblioteca Nacional de Agricultura
041 _a(Por)
072 _aP05
090 _ P05 BR2016004601
110 1 _aConselho Regional de Engenharia, Arquitetura e Agronomia de Minas Gerais, Belo Horizonte, MG (Brasil)
_92726
245 1 _aSustentabilidade e eficiência energética no ambiente construído
260 3 _aBelo Horizonte, MG (Brasil):
_c2009.
300 _a51 p.
500 _a29 ref.; 17 illus.; 3 tables
650 _aENERGIA
650 _aDESENVOLVIMENTO SUSTENTÁVEL
650 _aCLIMATOLOGIA
650 _aDESPERDÍCIO
909 _a202309
_bLucia
_c55
_dLucia Elande
942 _cBK
999 _c82842
_d82842